000 00854nam a2200205Ia 4500
003 OSt
005 20250410163820.0
008 191128s1990 ck er 000 f spa d
040 _aCO-JMCR
_cCO-JMCR
041 _aspa
082 0 4 _aA-N
_bCAIq
100 1 _aCaicedi, Andrés,
_d1957-1977
_eautor
_96381
245 1 1 _a¡Que viva la música! /
_cAndrés Caicedo
260 _aBogotá :
_beditorial Victor Hugo,
_c1990
300 _a191 páginas ;
_c 24 cm.
500 _aIncluye datos biográficos del autor en contraportada
520 _a"Esta novela es un manuscrito de las memorias que ha terminado María del Carmen Huerta, una adolecente burguesa, miembro de la juventud perdida de Cali. Su monólogo, que tiene un ritmo vertiginoso de una catarata desbordada, es cómico, triste, delirante.
650 1 4 _aNovela Colombiana
_96382
942 _2ddc
_cBK
999 _c3501
_d3501